000 00262nam a22001217a 4500
008 180306b xxu||||| |||| 00| 0 eng d
041 _aeng
080 _a575
100 _a9
101 _aIMM
245 _aTEXBOOK OF IMMUNOLOGY
_cJAMES.T.B
942 _2udc
_cBK
999 _c44222
_d44222